000
00313nam a2200133Ia 4500
005
20251222141951.0
008
251222s9999||||xx |||||||||||||| ||spa||
020
_a
84-404-8023-7
082
_a
263.1/C92
100
_a
Cruz, San Juan de la
245
0
_a
Dichos de luz y amor:
264
_b
Ls Olmeda
942
_c
LIB
999
_c
9677
_d
9677